Cin̊cia polƯ̕tica estado e justiȧ /

Detalles Bibliográficos
Autor principal: Moreira de Paula, Jn̥atas Luiz
Formato: Libro
Lenguaje:portugués
Publicado: Leme : J. H. Mizuno, 2007.
Materias:
Acceso en línea:Acceso restringido

MARC

LEADER 00000cam a2200000 i 4500
005 20160105155519.0
007 cr|||| ||||
008 100323s2010 bl 001 0 por d
020 |a 9788589857765 
035 |a 12991 
040 |a SpMaUCDE  |d BUS  |d vLex 
080 |a 342.56:321.7 
080 |a 321.01 
090 |c 5764  |d 5764 
100 1 |a Moreira de Paula, Jn̥atas Luiz  
245 1 0 |a Cin̊cia polƯ̕tica   |h [Recurso electrn̤ico] :  |b estado e justiȧ /  |c Jn̥atas Luiz Moreira de Paula. 
256 |a Servicio en ln̕ea 
260 |a Leme :  |b J. H. Mizuno,  |c 2007. 
300 |a 1 recurso en ln̕ea 
504 |a Bibliografa̕ p: [522]-536. 
506 1 |a Contenido disponible en los productos indicados  |d vLex Global  |d vLex Global (Academic Edition, excluding Law Schools)  |d vLex Global (U.S. Academic Edition, Law Schools)  |d vLex Global (U.S. Academic Edition, excluding Law Schools)  |d vLex Global (Academic Edition, Law Schools) 
650 0 4 |a Estado  
650 0 4 |a Justicia  
650 0 4 |a Ciencia polƯ̕tica  
740 0 |a vLex Libros (Servicio en ln̕ea) 
856 4 0 |u http://vlex.com/source/ci-ncia-politica-estado-e-justi-a-12991  |z Acceso restringido 
942 |c BOOK 
999 0 |a Political science 
999 0 |a Justice